| 000 | 00736nam a22002533a 4500 | ||
|---|---|---|---|
| 999 |
_c3151 _d3151 |
||
| 001 | 015325665 | ||
| 003 | Uk | ||
| 005 | 20231020100019.0 | ||
| 008 | 090714s2009 j 0 fre | ||
| 016 | 7 |
_a015325665 _2Uk |
|
| 020 | _a9780435384739 (pbk.) | ||
| 040 | _cKH8 | ||
| 041 |
_afre _aeng |
||
| 082 | _a448.242 MEI | ||
| 100 |
_aMeier, Jon, _eauthor. |
||
| 245 | 0 |
_aExpo 1 : _bpupil book/ _cJon Meier. |
|
| 260 |
_aHarlow : _bHeinemann, _c[2009?]. |
||
| 300 |
_a156 p. _c7.6 x 0.39 x 10.31 inches. |
||
| 336 |
_atext _2rdacontent |
||
| 337 |
_aunmediated _2rdamedia |
||
| 338 |
_avolume _2rdacarrier |
||
| 883 | 0 |
_aLanguage codes assigned by Bayesian analysis of words present in record _d20201028 _qUk _c0.9010 |
|
| 942 |
_2ddc _cTR |
||